00356nam a2200133Ia 45000010005000000080041000050200022000460820017000681000028000852450043001132600024001569010027001809990015002073984241024s9999 xx 000 0 und d a978-9945-16-645-3 aRD/327/M828h aCarlos Morales Troncoso 0aHuellas creando lazos de entendimiento bSanto Domingoc2014 a28/4/2015 1:35:20 p.m. c9757d9757